000 00865nam a22003017a 4500
001 BR6003022
003 BR-BrBNA
005 20230928095626.0
007 ta
008 230509b bl.||||| |||| 00| 0 por d
040 _aBR-BrBNA
_bpor
_cBiblioteca Nacional de Agricultura
041 _a(Por)
072 _aK00
_b3240
090 _ 3240 BR6003022
100 1 _aGolfari, L.
110 1 _aFAO, Rome (Italy)
110 1 _aInstituto Brasileiro de Desenvolvimento Florestal, Rio de Janeiro, GB (Brasil)
_95747
245 1 _aEscolha de especies de eucalipto potencialmente aptas para diferentes regioes do Brasil
260 3 _a[np](Brasil):
_c[nd].
300 _a23 p.
500 _a18 ref.
650 _aEucalipto
650 _aZoneamento Florestal
650 _aAclimatacao
650 _aCurso
909 _a202309
_bLucia
_c55
_dLucia Elande
942 _cBK
999 _c57707
_d57707